Solicitor's negligence (Record no. 62390)

MARC details
000 -LEADER
fixed length control field 01049cam a2200217 4500
001 - CONTROL NUMBER
control field WB3605-32
008 - FIXED-LENGTH DATA ELEMENTS--GENERAL INFORMATION
fixed length control field 000000n2000 000 0 eng u
035 ## - SYSTEM CONTROL NUMBER
System control number (Sirsi) u103956
245 ## - TITLE STATEMENT
Title Solicitor's negligence
260 ## - PUBLICATION, DISTRIBUTION, ETC.
Date of publication, distribution, etc. 2000
490 ## - SERIES STATEMENT
Series statement Estates Gazette Case Summaries
Volume/sequential designation [2000] EGCS 2(2)
520 ## - SUMMARY, ETC.
Summary, etc. "Portman BS v Bevan Ashford and others". CA 20 December 1999. Bevan Ashford negligently failed to reveal to client lender information casting doubt upon the reliability of the borrower. Discusses whether Portman (the lender) is entitled to recover the whole of the loss including internal costs or nominal damages and the measure of these damages. The lender was awarded the whole of their loss, excluding internal costs. BA's appeal was dismissed. Cross-appeal allowed.
590 ## - LOCAL NOTE (RLIN)
Local note WB
650 ## - SUBJECT ADDED ENTRY--TOPICAL TERM
Topical term or geographic name entry element MEASURE OF DAMAGES
650 ## - SUBJECT ADDED ENTRY--TOPICAL TERM
Topical term or geographic name entry element PORTMAN BUILDING SOCIETY V BEVAN ASHFORD AND OTHERS
650 ## - SUBJECT ADDED ENTRY--TOPICAL TERM
Topical term or geographic name entry element COSTS
650 ## - SUBJECT ADDED ENTRY--TOPICAL TERM
Topical term or geographic name entry element SOLICITORS
650 ## - SUBJECT ADDED ENTRY--TOPICAL TERM
Topical term or geographic name entry element NEGLIGENCE
690 ## - LOCAL SUBJECT ADDED ENTRY--TOPICAL TERM (OCLC, RLIN)
Topical term or geographic name as entry element PROFESSIONAL PRACTICE-NEGLIGENCE-CASE LAW
942 ## - ADDED ENTRY ELEMENTS (KOHA)
Suppress in OPAC 0
Holdings
Withdrawn status Lost status Source of classification or shelving scheme Damaged status Not for loan Home library Current library Shelving location Date acquired Total Checkouts Full call number Barcode Date last seen Copy number Price effective from Koha item type
    Dewey Decimal Classification     London London News article 02/02/2000   WB3605-32 103956-1001 06/08/2019 1 06/08/2019 Law report